Daklak trước ngưỡng cửa năm 2000
محفوظ في:
| المؤلف الرئيسي: | |
|---|---|
| التنسيق: | كتاب |
| اللغة: | Undetermined |
| منشور في: |
Thành phố Hồ Chí Minh
Văn Nghệ
2000
|
| الموضوعات: | |
| الوسوم: |
إضافة وسم
لا توجد وسوم, كن أول من يضع وسما على هذه التسجيلة!
|
| Thư viện lưu trữ: | Trung tâm Học liệu Trường Đại học Cần Thơ |
|---|
| LEADER | 00602nam a2200205Ia 4500 | ||
|---|---|---|---|
| 001 | CTU_36533 | ||
| 008 | 210402s9999 xx 000 0 und d | ||
| 020 | |b 100.000đ | ||
| 020 | |c 100000 | ||
| 082 | |a 330.9597 | ||
| 082 | |b Ch312 | ||
| 100 | |a Nguyễn,Thành Chinh | ||
| 245 | 0 | |a Daklak trước ngưỡng cửa năm 2000 | |
| 245 | 0 | |c Nguyễn Thành Chinh (Chủ biên) | |
| 260 | |a Thành phố Hồ Chí Minh | ||
| 260 | |b Văn Nghệ | ||
| 260 | |c 2000 | ||
| 650 | |a Economic geography | ||
| 904 | |i Minh | ||
| 980 | |a Trung tâm Học liệu Trường Đại học Cần Thơ | ||